000 00535nam a2200181Ia 4500
003 GCL
008 140319s9999 xx 000 0 eng d
040 _aGCL /
_cGCL
082 0 4 _a384.0973
_bS C
100 1 _aSTRAUBHAAR, JOSEPH
245 1 0 _aCOMMUNICATIONS MEDIA IN THE INFORMATION SOCIETY /
_cSTRAUBHAAR, JOSEPH
700 1 _aLAROSE, ROBERT
260 _a[S.N] :
_bWADSWORTH PUBLISHING COMPANY ،
_c1997
300 _a490 P
650 0 4 _aTELECOMMUNICATION - U.S.A
650 0 4 _aINFORMATION TECHNOLOGY - U.S.A
942 _2ddc
_cBK
999 _c16135
_d16135